|
|
|
|
| LEADER |
00762cam a2200229 7i4500 |
| 001 |
0000019554 |
| 005 |
20170218090000.0 |
| 008 |
071218 eng |
| 020 |
|
|
|a 1858355990 (pbk.)
|
| 020 |
|
|
|a 978185835993
|
| 040 |
|
|
|a IIUM
|
| 090 |
0 |
0 |
|a HD58.82
|b .F67 1999
|
| 100 |
1 |
|
|a Forrest, Andrew
|
| 245 |
1 |
0 |
|a Fifty ways towards a learning organization
|c Andrew Forrest.
|
| 246 |
3 |
|
|a 50 ways towards a learning organizations.
|
| 260 |
|
|
|a London:
|b Industrial Society,
|c 1999.
|
| 300 |
|
|
|a xi, 178 p.;
|c 25 cm.
|
| 504 |
|
|
|a Includes bibliographical references
|
| 650 |
0 |
0 |
|a Organizational learning
|
| 650 |
0 |
0 |
|a Organizational change
|
| 997 |
|
|
|a Business & Accountancy, Faculty
|
| 999 |
|
|
|a 0000023380
|b BOK
|c OPEN SHELF
|e 1st Floor, Bestari Jaya
|